| 000 | 00575nam a2200205 a 4500 | ||
|---|---|---|---|
| 005 | 20250903063914.0 | ||
| 008 | 051028s2000 mx r 000 0 spa d | ||
| 020 | _a9701842170 | ||
| 035 | _aUPN01000140875 | ||
| 049 | _aCG | ||
| 050 | 4 |
_aPQ7298.32 E3.2 _bC8.3 |
|
| 100 | 1 |
_aVega López, Josué, _d1976- |
|
| 245 | 1 | 0 |
_aCuerpo en añicos / _cJosué Vega López. |
| 260 |
_aMéxico : _bCONACULTA, _c2000. |
||
| 300 | _a116 p. | ||
| 440 | 0 |
_aTierra adentro ; _v210 |
|
| 650 | 4 |
_aLiteratura mexicana _ySiglo XXI _917492 |
|
| 650 | 4 |
_aPoesía mexicana _91273 |
|
| 905 | _aLibro | ||
| 999 |
_c113023 _d113023 |
||